Si les planètes étaient des pays - Statistiques

Statistiques générales
  • Ce quiz a été pris 1 248 fois
    1 214 depuis la dernière actualisation
  • Le résultat moyen est 4 sur 8
Statistiques - réponses
Planètes Catégories Pays % Correct
Mercure Plus petit (superficie) Vatican
92%
Jupiter Plus grand (superficie) Russie
88%
Saturne Le plus de satellites Etats-Unis
71%
Mars Plus deviné sur JetPunk (sauf Terre/France) Canada/Italie/Russie
57%
Uranus Température la moins élevée (record pour le pays) Danemark
45%
Terre Meilleur niveau de vie (IDH pour la réponse) Saint-Marin
43%
Neptune Vents les plus puissants (record) Australie
7%
Vénus Température la plus élevée (record pour le pays) Koweït
3%
Aucun quiz correspondant
Distribution des résultats
% des personnes avec chaque résultat
Percentile par nombre de réponses
Votre historique - résultats
Vous n’avez pas pris ce quiz depuis la dernière actualisation